Apportionment of service charges in mixed use developments (Record no. 112646)
[ view plain ]
| 000 -LEADER | |
|---|---|
| fixed length control field | 01489cam a22002295a 4500 |
| 001 - CONTROL NUMBER | |
| control field | L153685 |
| 008 - FIXED-LENGTH DATA ELEMENTS--GENERAL INFORMATION | |
| fixed length control field | 110817s2009 xxk f 000 0 eng d |
| 020 ## - INTERNATIONAL STANDARD BOOK NUMBER | |
| International Standard Book Number | 9781842195390 |
| 035 ## - SYSTEM CONTROL NUMBER | |
| System control number | (Sirsi) u153685 |
| 041 0# - LANGUAGE CODE | |
| Language code of text/sound track or separate title | eng |
| 110 2# - MAIN ENTRY--CORPORATE NAME | |
| Corporate name or jurisdiction name as entry element | Royal Institution of Chartered Surveyors |
| 9 (RLIN) | 4900 |
| 245 00 - TITLE STATEMENT | |
| Title | Apportionment of service charges in mixed use developments |
| Medium | [electronic resource] |
| 260 ## - PUBLICATION, DISTRIBUTION, ETC. | |
| Place of publication, distribution, etc. | Coventry |
| Name of publisher, distributor, etc. | RICS |
| Date of publication, distribution, etc. | 2009 |
| 490 #0 - SERIES STATEMENT | |
| Series statement | RICS Information Paper |
| 520 ## - SUMMARY, ETC. | |
| Summary, etc. | The new guidance note Managing Mixed Use Developments, 2012, (L158324) is based on this information paper, content and has been expanded significantly. |
| 520 ## - SUMMARY, ETC. | |
| Summary, etc. | This paper is one in a series of information papers linked to the RICS Code of practice for service charges in commercial property. This information paper is written to address new developments where the service charge apportionment strategy can be constructed simultaneously with the lease documentation. In addition, the principles it sets out can be used when considering revising the apportionment of existing developments where the existing leases do not allow for apportionment to be amended. But consequent complications must be taken into account. |
| 590 ## - LOCAL NOTE (RLIN) | |
| Local note | KA |
| 651 #4 - SUBJECT ADDED ENTRY--GEOGRAPHIC NAME | |
| Geographic name | ENGLAND AND WALES |
| 690 ## - LOCAL SUBJECT ADDED ENTRY--TOPICAL TERM (OCLC, RLIN) | |
| Topical term or geographic name as entry element | PROPERTY |
| 856 40 - ELECTRONIC LOCATION AND ACCESS | |
| Uniform Resource Identifier | <a href="https://www.rics.org/Global/Downloads/Apportionment_of_service_charges_in_mixed_use_developments_1st_edition_PGguidance_2009.pdf">https://www.rics.org/Global/Downloads/Apportionment_of_service_charges_in_mixed_use_developments_1st_edition_PGguidance_2009.pdf</a> |
| Public note | View online for free at www.ric.org (member-only access). |
| 942 ## - ADDED ENTRY ELEMENTS (KOHA) | |
| Suppress in OPAC | 0 |
| Withdrawn status | Lost status | Source of classification or shelving scheme | Damaged status | Not for loan | Home library | Current library | Shelving location | Date acquired | Total Checkouts | Full call number | Barcode | Date last seen | Copy number | Price effective from | Koha item type |
|---|---|---|---|---|---|---|---|---|---|---|---|---|---|---|---|
| Dewey Decimal Classification | London | London | Books | 17/08/2011 | ONLINE PUBLICATION | 153685-1001 | 06/08/2019 | 1 | 06/08/2019 | Book |